| 000 | 00475nam a2200169 i 4500 | ||
|---|---|---|---|
| 001 | bg | ||
| 100 | 1 | _aGLADKOV, Dmitrij I. | |
| 245 | 0 |
_aOptimizacija sistem negradientnym sluczajnym poiskom / _cDmitrij I. Gladkov. |
|
| 260 |
_aMoskva : _b"Energoatomizdat", _c1984. |
||
| 300 |
_a254, [2] s. : _brys., wykr. ; _c20 cm. |
||
| 504 | _aBibliogr. s. 250-252. | ||
| 040 | _cBPK | ||
| 041 | _apol | ||
| 080 | _a681.5 | ||
| 942 | _cKS | ||
| 008 | s pl f |000 0 pol | ||
| 999 |
_c28077 _d28077 |
||
| 856 |
_uhttp://koha.tu.koszalin.pl/cgi-bin/koha/opac-detail.pl?biblionumber=28077 _yKatalog online BPK |
||